[Event "Ostrava op"]
[Site "Ostrava"]
[Date "1993.??.??"]
[Round "?"]
[White "Vavra, Pavel"]
[Black "Golod, Vitali"]
[Result "1-0"]
[WhiteElo "2350"]
[BlackElo "2490"]
[Annotator "Bulletin"]
[PlyCount "133"]
[EventDate "1993.??.??"]
[EventType "swiss"]
[EventRounds "9"]
[EventCountry "CZE"]
[SourceTitle "CBM 038"]
[Source "ChessBase"]
[SourceDate "1994.02.01"]
[SourceVersion "1"]
[SourceVersionDate "1994.02.01"]
[SourceQuality "1"]

1. e4 c5 2. Nf3 e6 3. d4 cxd4 4. Nxd4 Nf6 5. Nc3 d6 6. Bc4 Be7 7. Bb3 Na6 8. f4
Nc5 9. e5 dxe5 10. fxe5 Nfd7 11. Bf4 a6 12. Qg4 g5 13. Nxe6 Nxe6 (13... fxe6
14. Qh5+ Kf8 15. Qh6+ (15. O-O $1 Kg7 16. Bxg5 $1 Bxg5 17. Rf7+ Kg8 18. Rf5 $1
Be3+ 19. Kh1 Nxe5 20. Rxe5 Nxb3 21. Rf1 Qe7 22. Rxe3 $18) 15... Kf7 $2 (15...
Kg8 $1 16. Bxe6+ Nxe6 17. Qxe6+ Kg7 18. Be3 Nc5 19. Qc4 Be6 $19) 16. O-O Kg8
17. Bxe6+ Nxe6 18. Qxe6+ Kg7 19. Bxg5 Qb6+ 20. Qxb6 Nxb6 21. Bxe7) 14. Bxe6
gxf4 (14... fxe6 15. Qh5+ (15. Bxg5 Bxg5 16. Qh5+ Kf8 17. O-O+ Kg7 18. Rf7+ Kg8
19. Raf1 Be3+ 20. Kh1) 15... Kf8 16. O-O (16. Qh6+ Kg8) 16... Kg7 17. Bxg5 (17.
Rad1 Qb6+ 18. Kh1 gxf4 19. Rxf4) 17... Bxg5 18. Qf7+ (18. Rf7+ Kg8 19. Raf1
Nxe5 20. Rf8+ (20. Ne4 $1 Qd4+ 21. Kh1 Bd8 (21... Qd8 22. Nxg5 h6 23. Ne4 Rh7
24. Nf6+ Qxf6 25. R7xf6 $18) 22. Rf8+ (22. R7f4 $1 Kg7 (22... Qxb2 23. Qh6) (
22... Ng6 23. Rf8+ $1 Kg7 24. R1f7#) 23. c3 Qd5 24. c4 Qa5 (24... Qd4 25. Ng5
Qc5 (25... Qd7 26. Nf7 Nxf7 (26... Ng6 27. Ne5 Nxf4 28. Rxf4 Qe8 29. Rf7+ Qxf7
30. Qxf7+ Kh6 31. Ng4+ Kg5 32. Qg7+ Kf4 33. g3+ Kf3 34. Ne5+ Ke4 35. Qxh8 $18)
27. Rxf7+ Qxf7 28. Qxf7+ Kh6 29. g4 $1 b5 30. Rf6+ Kg5 31. Qg7+ Kh4 32. Rh6#)
26. Nf7) 25. Nd6 Bd7 26. b4 $18) (22. Nf6+ Bxf6 23. R1xf6 (23. R7xf6 Bd7 24.
Qh6 (24. Qg5+ Ng6 25. c3 Qe4 26. h4) 24... Ng6 25. c3 Qe5) 23... Bd7 24. Qg5+
Ng6 25. Qh6 Qd1+ 26. Rf1 Qxf1+ 27. Rxf1) 22... Kg7 23. Rxh8 Qxe4 24. Qe8 Bg5
25. Qf8+ Kg6 26. Rg8+ Kh5 27. Qe8+) 20... Qxf8 21. Qxg5+ Ng6 22. Rxf8+ Kxf8 23.
Qf6+ Ke8 24. Ne4) 18... Kh6 19. Rf3 (19. Rad1) 19... Rf8 20. Rh3+ Bh4 21. Qxe6+
Kg7) 15. Bxf7+ Kxf7 (15... Kf8 16. O-O (16. Bb3 Nxe5 17. Qxf4+ Bf6 18. O-O Kg7
19. Nd5 Nd7 20. Qg3+ Kh6) 16... Qb6+ 17. Kh1 Kxf7 18. Nd5) 16. e6+ Kf8 17.
O-O-O Rg8 (17... b6 18. exd7 (18. Rhe1 Bh4 19. g3) 18... Bb7 19. Rhe1) 18. Qf5+
Kg7 19. exd7 Rf8 20. dxc8=Q Qxc8 21. Qxc8 Raxc8 22. Rd7 Rf7 23. Nd5 (23. Rhd1)
23... Bg5 24. Rxf7+ Kxf7 25. Rf1 Rc4 26. g3 f3+ 27. Kb1 Re4 28. Nc3 Re3 29. Nd1
Re2 30. h4 (30. Rxf3+ Ke6 31. h3 $16) 30... Bf6 31. Rxf3 Kg6 32. c3 Be5 33. Ne3
b5 34. a3 (34. h5+ Kh6 35. g4 $16) 34... a5 35. Kc1 b4 36. axb4 axb4 37. Kd1
Rh2 (37... Rxb2 38. Nc4 Bxc3 39. Nxb2 Bxb2 40. g4 $18) 38. Ng4 Rh1+ 39. Kc2 Bc7
40. Ne3 bxc3 41. bxc3 Rg1 42. Nf1 h6 43. Kd3 Rg2 44. c4 Bb6 45. Ne3 Ra2 46. Nd5
Bc5 47. Nc3 Ra8 48. Ke4 Rd8 49. h5+ Kg7 50. Nd5 Re8+ 51. Kf5 Rf8+ 52. Kg4 Re8
53. Rf6 Re4+ 54. Kf5 Rxc4 55. Rg6+ Kf8 56. Rxh6 Bd4 57. Nf4 Be3 58. Rf6+ Kg7
59. Ne6+ Kh7 60. g4 Ra4 61. g5 Ra5+ 62. Kg4 Ra7 63. h6 Ra1 64. Rf7+ Kh8 65. Kh5
Ra8 66. Nf4 Bxf4 67. Rxf4 1-0

[Event "URS-ch U26"]
[Site "Tbilisi"]
[Date "1989.??.??"]
[Round "?"]
[White "Akopian, Vladimir Eduardovic"]
[Black "Anastasian, Ashot"]
[Result "0-1"]
[WhiteElo "2520"]
[BlackElo "2475"]
[Annotator "Bulletin"]
[PlyCount "46"]
[EventDate "1989.01.??"]
[EventType "tourn"]
[EventRounds "15"]
[EventCountry "URS"]
[EventCategory "9"]
[SourceTitle "CBM 012"]
[Source "ChessBase"]
[SourceDate "1989.10.01"]
[SourceVersion "1"]
[SourceVersionDate "1989.10.01"]
[SourceQuality "1"]

1. e4 c5 2. Nf3 d6 3. d4 cxd4 4. Nxd4 Nf6 5. Nc3 a6 6. Bc4 e6 7. Bb3 Nbd7 8. f4
Nc5 9. f5 Be7 10. Qf3 O-O 11. Be3 e5 12. Nde2 Nxb3 13. axb3 b5 $1 {N} (13... d5
14. exd5 e4 15. Qh3 b5 16. Rd1 Qc7 17. O-O Bb7 18. Qg3 $1 Bd6 19. Bf4 Rad8 20.
Bxd6 Rxd6 21. Rd4 $1 Re8 22. Rfd1 Qb6 23. Kh1 Rdd8 24. b4 $1 $16 {Yakovich,
Y-Vaulin,A/RSFSR-ch Kursk/1987/}) 14. Nxb5 d5 $1 15. exd5 Nxd5 16. Ng3 Bb7 17.
Nc3 Nxe3 18. Qxe3 Rc8 19. Rd1 Qa5 20. Rd7 Qb4 21. Nh5 Bh4+ 22. Kf1 Qg4 $1 23.
Rxb7 Rxc3 $1 {/\ 24...Qd1+} 0-1

[Event "Chicago op"]
[Site "Chicago"]
[Date "1997.??.??"]
[Round "5"]
[White "Tate, Emory"]
[Black "Yudasin, Leonid"]
[Result "1-0"]
[WhiteElo "2395"]
[BlackElo "2600"]
[Annotator "CB"]
[PlyCount "71"]
[EventDate "1997.05.26"]
[EventType "swiss"]
[EventRounds "7"]
[EventCountry "USA"]
[SourceTitle "EXT 2000"]
[Source "ChessBase"]
[SourceDate "1999.11.16"]
[SourceVersion "1"]
[SourceVersionDate "1999.11.16"]
[SourceQuality "1"]

1. e4 c5 2. Nf3 d6 3. d4 cxd4 4. Nxd4 Nf6 5. Nc3 a6 6. Bc4 e6 7. Bb3 Nbd7 8.
Qe2 Nc5 9. g4 b5 10. g5 Nfd7 11. Bd5 {Diagram #} Bb7 12. Bxb7 Nxb7 13. a4 bxa4
14. Rxa4 Nbc5 15. Ra3 Qb6 16. O-O Be7 17. Kh1 O-O 18. b4 Na4 19. Nf5 $3 {
Diagram # When you remember Emory, you will remember the Nf5!-Nd5! Sicilian
Sack!} exf5 20. Nd5 Qd8 21. exf5 Re8 22. Qh5 Nab6 23. Rh3 Nf8 24. f6 Nxd5 25.
fxg7 Kxg7 26. Bb2+ Kg8 27. g6 {Diagram # Nobody can take it!!} Bf6 28. gxf7+
Kh8 29. Rg1 $2 {Aw, heck! The only mistake in a jewel of game. Can you see how
white could have finished things off sooner?} (29. Qg5 $3 Nd7 30. Qg6 Nf8 31.
Qg8#) 29... Re1 30. Rxe1 Bxb2 31. Re8 Nf6 32. Rxd8 Rxd8 33. Qh6 Ne4 34. Qh4 Nf6
35. Rg3 N8d7 36. Qg5 {Emory's magnum opus...} 1-0

[Event "Olympiad-36"]
[Site "Mallorca"]
[Date "2004.10.28"]
[Round "13"]
[White "Thorfinnsson, Bragi"]
[Black "Ahmed, Sk Nasir"]
[Result "1-0"]
[WhiteElo "2435"]
[BlackElo "2359"]
[Annotator "CB"]
[PlyCount "89"]
[EventDate "2004.10.15"]
[EventType "team-swiss"]
[EventRounds "14"]
[EventCountry "ESP"]
[SourceTitle "CBM 104"]
[Source "ChessBase"]
[SourceDate "2005.01.27"]
[SourceVersion "1"]
[SourceVersionDate "2005.01.27"]
[SourceQuality "1"]
[WhiteTeam "Iceland"]
[BlackTeam "Bangladesh"]
[WhiteTeamCountry "ISL"]
[BlackTeamCountry "BAN"]

1. e4 c5 2. Nc3 e6 3. Nf3 d6 4. d4 cxd4 5. Nxd4 Nf6 6. Bc4 a6 7. Bb3 Be7 8. O-O
O-O 9. f4 Qc7 10. Kh1 Nbd7 11. Re1 Nc5 12. e5 dxe5 13. fxe5 Nfd7 14. Bf4 b5 15.
Bd5 Bb7 16. Bxb7 Qxb7 17. Qg4 Rfe8 18. Bh6 Bf8 19. b4 f5 20. exf6 Nxf6 21. Qg3
Nce4 22. Nxe4 Nxe4 23. Qh4 Nd6 24. Bd2 Nf5 25. Qg4 Nxd4 26. Qxd4 Rad8 27. Qe3
Qd5 28. Bc3 Qc4 29. a3 Rc8 30. Be5 Qxc2 31. Rad1 Qc6 32. Qd4 Qb7 33. Rf1 Rc2
34. Qg4 Rc4 35. Qg3 g6 36. h3 Rec8 37. Qg5 Qe7 38. Bf6 Qb7 39. Ba1 Rc2 40. Rf3
Re2 41. Qf6 Qg7 42. Qh4 {[#]} e5 $2 (42... Qe7 $142) 43. Qg4 $1 $18 Rcc2 44.
Qe6+ Kh8 45. Rd8 1-0

[Event "AUT-ch"]
[Site "Voitsberg"]
[Date "1995.??.??"]
[Round "6"]
[White "Schlosser, Michael"]
[Black "Lendwai, Reinhard"]
[Result "1/2-1/2"]
[WhiteElo "2365"]
[BlackElo "2385"]
[Annotator "ChessBase"]
[PlyCount "45"]
[EventDate "1995.??.??"]
[EventType "tourn"]
[EventRounds "15"]
[EventCountry "AUT"]
[EventCategory "5"]
[SourceTitle "CBM 049 Extra"]
[Source "ChessBase"]
[SourceDate "1996.01.01"]
[SourceVersion "1"]
[SourceVersionDate "1996.01.01"]
[SourceQuality "1"]

1. e4 c5 2. Nf3 d6 3. d4 cxd4 4. Nxd4 Nf6 5. Nc3 a6 6. Bc4 e6 7. Bb3 Nbd7 8. f4
Nc5 9. e5 dxe5 10. fxe5 Nfd7 11. Bf4 g6 12. Qe2 Bg7 13. O-O-O Qc7 14. Nf3 (14.
Rhe1 $5 O-O 15. h4 $40) 14... b5 15. Rd6 Bb7 16. Rhd1 O-O 17. h4 Nb6 18. Ng5 h6
19. Nge4 Bxe4 20. Nxe4 Nxe4 21. Qxe4 Rac8 22. h5 g5 23. Be3 $138 (23. Be3 Nc4
24. Bxc4 Qxc4 25. Qxc4 Rxc4 26. Bd4 Rfc8 27. c3 $14) 1/2-1/2

[Event "Amsterdam Euwe Memorial"]
[Site "Amsterdam"]
[Date "1996.03.24"]
[Round "3"]
[White "Topalov, Veselin"]
[Black "Short, Nigel D"]
[Result "0-1"]
[WhiteElo "2700"]
[BlackElo "2665"]
[Annotator "Donev,I"]
[PlyCount "92"]
[EventDate "1996.03.22"]
[EventType "tourn"]
[EventRounds "9"]
[EventCountry "NED"]
[EventCategory "18"]
[SourceTitle "CBM 052"]
[Source "ChessBase"]
[SourceDate "1996.06.01"]
[SourceVersion "1"]
[SourceVersionDate "1996.06.01"]
[SourceQuality "1"]

1. e4 {Topalov} c5 2. Nf3 d6 3. d4 cxd4 4. Nxd4 Nf6 5. Nc3 a6 6. Bc4 e6 7. Bb3
Nbd7 8. f4 Nc5 9. O-O Nfxe4 10. Nxe4 Nxe4 11. f5 e5 12. Qh5 d5 $1 (12... Qe7 $2
13. Qf3 Nc5 14. Nc6 $1 {Topalov,V-Kasparov,G/Amstedam VSB (01)/1996/1-0/ ;CBM
52}) 13. Re1 Bc5 (13... exd4 $4 14. Rxe4+) 14. Rxe4 Bxd4+ (14... O-O 15. Rg4 $1
(15. Bg5 $2 Qb6 16. Bxd5 Bxd4+ 17. Kh1 Bxf5) (15. Rh4 Bxf5 $1 16. Be3 Bg6)
15... Bxd4+ 16. Kh1 $13) 15. Be3 (15. Rxd4 $5 Qb6 (15... exd4 $2 16. Bg5) 16.
c3 exd4 17. Qe2+ Kf8 18. Qf2 $44) 15... O-O 16. Rxd4 exd4 17. Bxd4 f6 18. Bc5
$2 (18. Qf3 $10 {Topalov}) 18... Re8 19. Rd1 Kh8 20. Rxd5 (20. Bxd5 Bd7 21. b4
$5 (21. Bxb7 $2 Qc7 22. Bxa8 Qxc5+ 23. Kh1 Qe7 $19) (21. Rd3 {/\ 22.Q:h7+!} h6
$1 22. Bxb7 $2 Qc7 23. Bxa8 Qxc5+ $19) 21... Qc7 $17) 20... Bd7 (20... Re1+ $2
21. Kf2 Qe8 22. Qxe8+ Rxe8 23. Bb6) 21. h3 Re5 22. Rxe5 fxe5 23. Bf7 Be8 (23...
Qc8) 24. Bg6 h6 25. Bxe8 Qxe8 26. Qxe8+ Rxe8 27. Bd6 Rd8 28. Bxe5 Rd5 29. Bc3
Rxf5 30. Bd4 b5 31. c3 h5 32. Bf2 Kg8 33. Kf1 Kf7 34. Ke2 Ke6 35. Bd4 g6 36.
Bb6 Kd5 37. Bc7 Ke4 38. Bd8 Rd5 39. Bh4 Rd3 40. Bf2 a5 41. Be1 a4 42. Bd2 Rd7
43. Bh6 Rd5 44. Bc1 Rc5 45. Be3 a3 46. Bc1 b4 0-1

[Event "Oakham YM"]
[Site "Oakham"]
[Date "1992.??.??"]
[Round "7"]
[White "Rublevsky, Sergei"]
[Black "Har Zvi, Ronen"]
[Result "1-0"]
[WhiteElo "2505"]
[BlackElo "2350"]
[Annotator "Ernst,T"]
[PlyCount "45"]
[EventDate "1992.03.??"]
[EventType "swiss"]
[EventRounds "9"]
[EventCountry "ENG"]
[SourceTitle "CBM 030"]
[Source "ChessBase"]
[SourceDate "1992.10.01"]
[SourceVersion "1"]
[SourceVersionDate "1992.10.01"]
[SourceQuality "1"]

1. e4 c5 2. Nf3 d6 3. d4 cxd4 4. Nxd4 Nf6 5. Nc3 a6 6. Bc4 e6 7. Bb3 Nbd7 8. f4
Nc5 9. e5 dxe5 10. fxe5 Nxb3 11. axb3 Nd5 (11... Bc5 12. Be3 Nd5 13. Nxe6 $1
Bxe6 14. Bxc5 Qg5 15. Qd4 $1 $16 {Pugacev - Boger,SSSR 1991.}) 12. O-O (12. Qg4
$1 $36) 12... Be7 13. Qg4 g6 14. Bh6 $16 Qb6 15. Rad1 Nxc3 16. bxc3 Bd7 17. Qf3
O-O-O 18. Qxf7 $18 Bc5 19. Kh1 Rde8 20. Nf5 Bc6 21. Nd6+ Bxd6 22. exd6 Rd8 23.
Be3 1-0

[Event "Leon"]
[Site "Leon"]
[Date "1994.??.??"]
[Round "7"]
[White "Sion Castro, Marcelino"]
[Black "Azmaiparashvili, Zurab"]
[Result "1/2-1/2"]
[WhiteElo "2380"]
[BlackElo "2625"]
[Annotator "Franco"]
[PlyCount "125"]
[EventDate "1994.05.??"]
[EventType "tourn"]
[EventRounds "9"]
[EventCountry "ESP"]
[EventCategory "12"]
[SourceTitle "CBM 042"]
[Source "ChessBase"]
[SourceDate "1994.10.01"]
[SourceVersion "1"]
[SourceVersionDate "1994.10.01"]
[SourceQuality "1"]

1. e4 c5 2. Nf3 d6 3. d4 cxd4 4. Nxd4 Nf6 5. Nc3 a6 6. Bc4 e6 7. Bb3 Nbd7 8.
O-O Nc5 9. Qe1 (9. Qe1) 9... Be7 10. Bg5 Bd7 (10... h6 $5) 11. f4 Qb6 12. Rd1
h6 13. Bh4 Nfxe4 14. Nxe4 Bxh4 15. Nxd6+ (15. Qxh4 Nxe4 16. f5 $44 exf5 17.
Bxf7+ Kxf7 18. Qxe4 Rhe8 19. Qd5+ Kg6 $13) 15... Qxd6 16. Qxh4 Qb6 17. Kh1 O-O
18. f5 exf5 19. Nxf5 Bxf5 20. Rxf5 Nxb3 21. axb3 Rad8 22. Rff1 Rfe8 23. h3 Rxd1
24. Rxd1 Kh7 25. Qc4 Qg6 26. Qd3 Re4 27. Rf1 f6 28. Rf3 h5 29. Kh2 h4 30. c4 f5
31. Re3 Qe6 $1 32. Rxe4 fxe4 33. Qe3 Kg6 34. Kg1 Kh5 35. Qe2+ Kh6 36. Qe3+ g5
37. Kf1 Kh5 38. Qe2+ g4 39. Qe3 gxh3 40. gxh3 Qf6+ 41. Ke1 Qe5 42. Qe2+ Kh6 43.
Qe3+ Kg7 44. Kd1 Kf7 45. Kc2 Ke7 46. Kc1 Kd7 47. Kc2 Qe6 48. Qd4+ Kc6 49. Qe3
b6 50. Kd2 a5 51. Kc2 b5 (51... a4 52. bxa4 Qxc4+ 53. Qc3 $10) 52. cxb5+ Kxb5
53. Qg5+ Kb6 54. Qxh4 Qc6+ 55. Kb1 Qg6 56. Ka2 Kc5 57. Qf2+ Kd5 58. Qd2+ Ke5
59. Qh2+ Ke6 60. h4 Qh5 61. Qh3+ Qf5 62. Qe3 Kf7 63. h5 1/2-1/2

[Event "United Insurance 4th"]
[Site "Dhaka"]
[Date "1999.02.19"]
[Round "1"]
[White "Reefat, Bin Sattar"]
[Black "Wojtkiewicz, Aleksander"]
[Result "0-1"]
[WhiteElo "2354"]
[BlackElo "2570"]
[Annotator "Ftacnik,L"]
[PlyCount "64"]
[EventDate "1999.02.19"]
[EventType "tourn"]
[EventRounds "13"]
[EventCountry "BAN"]
[EventCategory "10"]
[SourceTitle "CBM 070"]
[Source "ChessBase"]
[SourceDate "1999.06.08"]
[SourceVersion "1"]
[SourceVersionDate "1999.06.08"]
[SourceQuality "1"]

1. e4 c5 2. Nf3 d6 3. d4 cxd4 4. Nxd4 Nf6 5. Nc3 a6 6. Bc4 e6 7. Bb3 Nbd7 8. f4
Nc5 9. e5 dxe5 10. fxe5 Nfd7 11. Bf4 b5 12. Qe2 Bb7 13. O-O-O Qa5 (13... b4 14.
Na4 Nxb3+ 15. axb3 Qc7 16. Rhf1 Nc5 (16... g6 17. Bg5 Bd5 18. Qf2 Nxe5 19. Qf6
Rg8 20. Bf4 Bd6 21. Kb1 g5 22. Nf5 gxf4 23. Rxd5 exd5 {1-0 Kobalija,M-Verner,A/
Moscow/1995/ (23)}) 17. Nf5 exf5 18. e6 Nxb3+ 19. Kb1 Qc6 20. Nb6 Qxe6 21. Rfe1
Nc5 22. Nxa8 {Emms,J-Petrosian,A/London Lloyds (08) /1991/1-0 (65)} Qxe2 23.
Rxe2+ Ne4 24. Nc7+ Ke7 25. g4 {1-0 Emms,J-Petrosian,A/London/1991/ (65)}) (
13... Be7 14. h4 (14. Rhe1 Qc7 15. Qg4 g6 16. Bd5 Bxd5 17. Nxd5 exd5 18. e6 Nf6
19. Qf3 Qb6 20. Bg5 fxe6 21. Bxf6 O-O 22. Bxe7 Rxf3 23. Bxc5 Qxc5 24. Nxe6 Qd6
25. gxf3 Re8 {0-1 Potkin,A-Purtov,A/Novosibirsk/1995/ (25)}) (14. Qg4 O-O 15.
Bh6 g6 16. Bxf8 Bxf8 17. Nxe6 Bh6+ 18. Kb1 Qb8 19. Nxc5 Nxc5 20. Rhe1 Qe8 21.
Nd5 {1-0 Zadrima,A-Gurcan,S/Ankara/1995/ (46)}) 14... b4 15. Na4 Qa5 16. Nxc5
Nxc5 17. Qg4 Nxb3+ 18. Nxb3 Qxa2 19. Qxg7 Rf8 20. Qxh7 Rc8 21. Qd3 Bd5 {
1/2-1/2 Florean,A-Tugui,A/Eforie Nord/1997/ (26)}) (13... Qb6 14. Rhe1 (14.
Rhf1 Be7 15. Qg4 g5 (15... g6 16. Bh6 $5) 16. Bxg5 Rg8 17. h4 Nxe5 18. Qf4 Bd6
19. Qd2 Rc8 20. Nf5 Bf8 21. Kb1 b4 22. Na4 {Oral,T-Tkebuchava,S/Ml.Boleslav op
(1) /1994/1-0 (42)} Nxb3 23. Nxb6 Nxd2+ 24. Rxd2 Rxg5 25. hxg5 Rc6 26. Re2 Rxb6
27. Rxe5 {1-0 Oral,T-Tkebuchava,Z/Mlada Boleslav/1994/ (42)}) (14. Kb1 $6 Be7
15. h4 (15. Qg4 $2 g5 $1) 15... O-O-O $6 (15... O-O $1 16. Bg5 (16. Qg4 Kh8 $15
) 16... Rae8 $15) 16. a3 Nb8 (16... Nxb3 $6 17. cxb3 Nc5 18. b4 Ne4 19. Ndxb5
$1) 17. Be3 Nc6 (17... Qc7 18. Qf2 Qxe5 19. Qxf7 $16) 18. Ba2 (18. Qg4 Nxe5 19.
Qxg7 Bd6 {/\ Rdg8, Ng4}) 18... Nxd4 (18... Qc7 19. Qf2 Nxe5 20. Bf4 $16) 19.
Bxd4 Qc6 20. Rhf1 {1-0 Topalov,V-Anand,V/Wijk aan Zee/1996/ (28)}) 14... Be7
15. Qg4 g5 16. Bg3 h5 17. Qe2 O-O-O 18. a3 h4 19. Bf2 Qc7 20. Ba2 Nb6 21. Ndxb5
axb5 22. Nxb5 Rxd1+ 23. Rxd1 Ba6 24. b4 Bxb5 25. Qxb5 Nca4 26. Bb3 {1-0
Macieja,B-Kaminski,M/Lubniewice/1994/ (46)}) 14. a3 (14. Rhe1 Rc8 15. Qg4 b4
16. Na4 Nxa4 17. Nxe6 Nac5 18. Nxg7+ Bxg7 19. Qxg7 Nxb3+ 20. Kb1 Nd4 21. e6 Bd5
22. Qxf7+ {1-0 Morawietz,D-Ottens,S/NRW-II/1992/ (22)}) (14. Rhf1 Nxb3+ (14...
Be7 15. Qg4 g6 16. Bh6 $1 (16. Bg3 Qb6 17. h4 (17. Rf2 Rf8 18. Rdf1 $13) 17...
h5 18. Qe2 (18. Qf4 Rh7 19. Rf2 O-O-O $13) 18... Rh7 (18... Rf8 19. Rf2 O-O-O
20. Rdf1 Nxb3+ 21. Nxb3 f5 22. exf6 Rxf6 23. Rxf6 Nxf6 $14) 19. Nf3 $6 O-O-O
20. Kb1 Qc6 $1 21. Rd4 (21. a3 $5 $15) 21... Nb6 $1 {0-1 Zadrima,A-Ftacnik,L/
Moscow/1994/ (39)}) 16... Nxe5 17. Qf4 b4 18. Nd5 (18. Ncb5 $5) 18... Bxd5 19.
Qxe5 f6 20. Bxd5 $5 fxe5 21. Bc6+ Nd7 22. Nxe6 Ra7 23. Be3 {1/2-1/2 Vavra,
P-Ftacnik,L/Cesko/1995/ (46)}) 15. Nxb3 Qc7 16. Nd4 Nc5 17. a3 Be7 18. Qg4 O-O
19. Rde1 Rfd8 20. Bh6 Bf8 21. Bg5 Rd7 22. Re3 Rc8 23. Bf6 Ne4 24. Rxe4 Bxe4 25.
Qxe4 Qc4 {0-1 Motwani,P-Pigott,J/BCF-ch/1989/ (40)}) 14... Nxb3+ 15. Nxb3 Qc7 {
If black can survive the attack and defend vulnerable f7 square his position
with bishop pair and target on e5 will be excellent.} 16. Rhf1 (16. Ne4 Rc8 17.
Nd6+ Bxd6 18. exd6 Qc4 $11) 16... Be7 17. Nd4 Nf8 (17... O-O 18. Nf5 exf5 (
18... Bxa3 19. Nh6+ $5 (19. bxa3 exf5 20. e6 Qxc3 $19) 19... gxh6 20. Rd3 Be7
21. Rg3+ Kh8 22. Bxh6 Rg8 23. Rxf7 Rxg3 24. hxg3 Nf8 25. Qh5 $18) 19. e6 Ne5
20. Bxe5 Qc4 21. Qxc4 bxc4 22. Rd7 Bg5+ 23. Kb1 Bc8 24. Rxf5 Bxd7 25. exd7 $14)
18. Ne4 Ng6 19. Nd6+ $6 {Temperamental jump at a wrong moment, white pawn on
d6 will be too exposed.} (19. Bg3 Bxe4 20. Qxe4 Rc8 21. h4 $5) 19... Bxd6 20.
exd6 Nxf4 21. Qg4 (21. dxc7 Nxe2+ 22. Nxe2 Rc8 23. Rd8+ Ke7 $1 (23... Rxd8 24.
cxd8=Q+ Kxd8 25. Rxf7 $16) 24. Rxh8 Rxh8 $17) 21... Qd7 22. Qxf4 (22. Rxf4 $1
O-O 23. Nf3 f6 (23... Bd5 24. Rxd5 (24. Qh5) 24... f5 25. Ne5 Qb7 26. Qf3 Qxd5
27. Qxd5 exd5 28. Rd4 $11) 24. Qh3 Rac8 25. Rh4 g5 $15) 22... O-O 23. Nb3 (23.
Nf3 f6 $15) 23... Rac8 24. Qe3 (24. Rf2 Rfd8 25. Qd4 Rc4 $17 (25... Bd5 26. Nc5
Qc6 27. d7 Rc7 28. b4 a5 $15)) 24... Bd5 $1 {The game is in higher sense over,
d6 pawn falls.} 25. Rxd5 (25. Qg3 Rfd8 $17) 25... exd5 26. Nd4 Qxd6 27. Nf5 Qc5
28. Qd2 (28. Ne7+ Kh8 29. Qxc5 Rxc5 30. Rf5 g6 $19) 28... Rfe8 29. c3 f6 30.
Qf4 Rc7 31. Qg3 Kh8 (31... d4 32. Nxd4 Qxd4 33. Qxc7 Qe3+ 34. Kc2 Qe2+ $19) 32.
Kb1 a5 0-1

[Event "Jakarta Japfa m"]
[Site "Jakarta"]
[Date "2005.05.03"]
[Round "2"]
[White "Megaranto, Susanto"]
[Black "Dao, Thien Hai"]
[Result "1-0"]
[WhiteElo "2489"]
[BlackElo "2609"]
[Annotator "Ftacnik,L"]
[PlyCount "69"]
[EventDate "2005.05.02"]
[EventType "match"]
[EventRounds "6"]
[EventCountry "INA"]
[SourceTitle "CBM 107"]
[Source "ChessBase"]
[SourceDate "2005.08.01"]
[SourceVersion "1"]
[SourceVersionDate "2005.08.01"]
[SourceQuality "1"]

1. e4 c5 2. Nf3 d6 3. d4 cxd4 4. Nxd4 Nf6 5. Nc3 a6 6. Bc4 e6 7. Bb3 Nbd7 8.
O-O Nc5 9. f4 Qc7 10. Qf3 Be7 11. f5 Bd7 12. Bg5 Nxb3 13. cxb3 $5 {Taking
towards the edge of the board is not ideal solution, but white will be able to
use c file for creating activity.} (13. axb3 O-O 14. g4 b5 15. Rac1 b4 16. Nd1
d5 17. exd5 Bc5 18. c3 Nxd5 19. Ne3 Nxe3 20. Bxe3 Qb6 21. Qf4 {1-0 Lopez
Barrera,B-Paragua,M/Oropesa del Mar 1998/ (38)}) 13... O-O 14. Rac1 Qa5 (14...
Qb8 15. b4 $14) 15. Rfd1 Rac8 16. a3 b5 (16... exf5 17. Nxf5 Bxf5 18. exf5 Rfe8
19. Be3 $14) 17. b4 Qb6 18. Be3 Qb7 (18... Qb8 19. Qg3 $14) 19. e5 $5 {
Megaranto decided to open up the position and swap the queens as his pieces
are occupying all the squares in the center.} Qxf3 (19... Nd5 20. f6 Bd8 21.
Nf5 exf5 22. Nxd5 Bc6 23. Qxf5 $18) 20. Nxf3 dxe5 (20... Ne8 21. exd6 Bxd6 22.
Ne4 Rxc1 23. Bxc1 $18) 21. Nxe5 Rfd8 $2 {It is a bit mysterious, what Dao
Thien Hai had in mind when chosing this move. Black loses an exgange, but gets
no real compensation.} (21... Be8 $1 22. Bd4 Bd6 (22... exf5 23. Nd5 Nxd5 24.
Rxc8 $16) 23. Nd3 $14) 22. Bb6 $1 Be8 (22... exf5 23. Bxd8 Rxd8 24. Nxd7 Nxd7
25. Nd5 Kf8 26. Nxe7 Kxe7 27. Rc7 Ke8 28. Ra7 $18) 23. Bxd8 Bxd8 (23... Rxd8
24. fxe6 fxe6 25. Rxd8 Bxd8 26. Ne2 Bb6+ 27. Kf1 $18) 24. fxe6 Bb6+ 25. Kh1 (
25. Kf1 Be3 26. exf7+ Bxf7 27. Ra1 $18) 25... fxe6 (25... Be3 26. Ra1 fxe6 27.
Rd6 $18) 26. Rd6 $1 {This move effectively decides the issue as black bishops
are not able to operate freely and a6, e6 pawn are virtually gone.} Ba7 27. Re1
(27. Rxa6 Be3 28. Rc2 $18) 27... Bb8 28. Rxe6 Rd8 29. Nc6 (29. Rxa6 $18) 29...
Bxc6 30. Rxc6 Ng4 31. g3 (31. h3 Nf2+ 32. Kg1 Ba7 33. Re7 Bd4 34. Ne2 Nxh3+ 35.
Kh2 $18) 31... Be5 32. Rxa6 (32. h3 Nf2+ 33. Kg2 Nd3 34. Re3 $18) 32... Bd4 $6
{Black was certainly not in his best form, the last chance to show some teeth
was the obvious move 32...Rd2!} (32... Rd2 $1 33. Re2 (33. Ra8+ Kf7 34. Ne2
Bxb2 35. a4 bxa4 36. Rxa4 Nf2+ 37. Kg2 Nd3 38. Rf1+ $18) 33... Bxc3 34. Rxd2
Bxd2 35. Rb6 $16) 33. Re2 Rf8 34. Nxb5 Ne3 35. Ra8 (35. h4 Rf1+ 36. Kh2 $18) (
35. Ra8 Rxa8 36. Nxd4 Nd5 37. Kg2 $18) 1-0